000 00313nam a22001457a 4500
020 _a81-240-0681-4
082 _a894.812.3
_bKAK/K
100 _aKAKKANADAN, THAMPI
245 _aKLAPATHINTE ORMMA
260 _aKOTTAYAM
_bCURRENT BOOKS
_c1999
300 _a66
520 _aNOVEL
650 _aNOVEL
942 _cBK
999 _c4908
_d4908